Города по Фото — З - Statistics

General Stats
  • This quiz has been taken 24 times
  • The average score is 3 of 12
Answer Stats
Picture Hint Answer % Correct
Загреб
80%
Запорожье
73%
Зальцбург
60%
Звенигород
40%
Зеленоградск
13%
Страна: Польша Закопане
13%
Зандам
13%
Занзибар
7%
Страна: Болгария Золотые Пески
7%
Страна: Хорватия Задар
0%
Страна: Польша Замосць
0%
Золотурн
0%
No matching quizzes found
Score Distribution
Percent of People with Each Score
Percentile by Number Answered
Your Score History
You have not taken this quiz